1718 1808 1854 1951 1836 1244 1557 1744 1386 1750 1509 1373 1372 1482 1819 1238 1316 1312 1742 1680 1907 1342 1169 1149 1297 1726 1155 1176 1111 1613 1249 1467 1897 1736 1042 1216 1339 1411 1645 1063 1459 1748 1889 1141 1584 1931 1606 1400 1177 1140 1551 1168 1916 1398 1141 1502 1251 1215 1175 1140 1111 1593 1469 1219 1127 1866 1717 1568 1615 1192 1428 1356 1945 1821 1928 1879 1031 1756 1463 1146 1335 1269 1046 1685 1804 1417 1571 1912 1344 1635 1693 1311 1985 1224 1042 1038 1383 1430 1144 BCNSPRNW ULIB Ver.6.0+V

เปลี่ยนเป็นภาษาไทย

Change to English
 แสดงรายละเอียดบรรณานุกรม
  กลับหน้าหลัก

Brief Record : Get Marc (ISO 2709) : E-mail record : QR code < ปิดหน้าต่าง
LEADER : 00000nam 2200000uu 4500
001    13399123712
003     ULIB
008    110708s2554||||th 000 0 tha d
020    9789741042999(ล.2)
060  4 WY159^bส627อ ล.2
110 1  มหาวิทยาลัยสุโขทัยธรรมาธิราช^bสาขาวิชาพยาบาลศาสตร์
245 00 เอกสารการสอนชุดวิชา การพยาบาลเด็กและวัยรุ่น หน่วยที่ 6-10=^bNursing care of the child and adolescent/^cสาขาวิชาพยาบาลศาสตร์
246 0  Nursing care of the child and adolescent
250    พิมพ์ครั้งที่ 3(ปรับปรุงครั้งที่1)
260    นนทบุรี:^bศูนย์หนังสือมหาวิทยาลัยสุโขทัยธรรมาธิราช,^c2554
300    3 เล่ม
650  7 การติดเชื้อ^xการพยาบาลเด็กและวัยรุ่น
650  7 การพยาบาลกุมารเวชศาสตร์
700 0  ศรีนวล โอสถเสถียร,^eบรรณาธิการ
710 2  มหาวิทยาลัยสุโขทัยธรรมาธิราช^bสาขาวิชาพยาบาลศาสตร์
945    ^p250^l0^i21706
945    ^p250^l0^i21707
945    ^p250^l0^i21708
945    ^p250^l0^i21709
945    ^p250^l0^i21710
995    ทศพร
999    ^aใช้งานได้ทุกระบบ
รายการนี้ยังไม่มีแท็ก
คุณยังไม่ได้ล็อกอิน คุณสามารถมีกิจกรรมร่วมกับเว็บไซต์ได้ แต่ต้องล็อกอินก่อน ::
  ล็อกอิน

รายการสื่อสารสนเทศ

ลำดับที่ ประเภท เลขเรียก/บาร์โค้ด สถานที่ สถานะ
1. Book การพยาบาล
Book การพยาบาล
สถานะ=หนังสือเก่า
WY159 ส627อ ล.2 ฉ.1 
  Barcode: 21706
ห้องสมุดวิทยาเขตนครสวรรค์
►ส่วนจัดเก็บหนังสือเก่า นว.
บนชั้น
  ขอยืม
2. Book การพยาบาล
Book การพยาบาล
สถานะ=หนังสือเก่า
WY159 ส627อ ล.2 ฉ.2 
  Barcode: 21707
ห้องสมุดวิทยาเขตนครสวรรค์
►ส่วนจัดเก็บหนังสือเก่า นว.
บนชั้น
  ขอยืม
3. Book การพยาบาล
Book การพยาบาล
สถานะ=หนังสือเก่า
WY159 ส627อ ล.2 ฉ.3 
  Barcode: 21708
ห้องสมุดวิทยาเขตนครสวรรค์
►ส่วนจัดเก็บหนังสือเก่า นว.
บนชั้น
  ขอยืม
4. Book การพยาบาล
Book การพยาบาล
สถานะ=หนังสือเก่า
WY159 ส627อ ล.2 ฉ.4 
  Barcode: 21709
ห้องสมุดวิทยาเขตนครสวรรค์
►ส่วนจัดเก็บหนังสือเก่า นว.
บนชั้น
  ขอยืม
5. Book การพยาบาล
Book การพยาบาล
สถานะ=หนังสือเก่า
WY159 ส627อ ล.2 ฉ.5 
  Barcode: 21710
ห้องสมุดวิทยาเขตนครสวรรค์
►ส่วนจัดเก็บหนังสือเก่า นว.
บนชั้น
  ขอยืม

รายการใกล้เคียง
    หัวเรื่อง [การพยาบาลกุมารเวชศาสตร์]

BibComment


ยังไม่เคยถูกคอมเมนท์

คอมเมนท์ทรัพยากรรายการนี้
  คอมเมนท์: เอกสารการสอนชุดวิ..


 Copyright 2026. Bcnsprnw @Library